[Event "1st FIDE OWCCCC Pools-East 2021"]
[Site "Online"]
[Date "2021.02.19"]
[Round "3.60"]
[White "Galpalli, Sumit"]
[Black "Mokrysz, Adam"]
[Result "1-0"]
[WhiteElo "1510"]
[BlackElo "938"]
[Annotator "NA RC"]
[PlyCount "75"]
[EventDate "2021.02.19"]
[EventType "team-tourn"]
[EventCountry "NET"]
[SourceTitle "playchess.com"]
[Source "ChessBase"]
[SourceQuality "1"]

1. d4 d5 2. c4 e6 3. Nc3 Nf6 4. Nf3 Nc6 5. Bg5 Be7 6. e3 h6 7. Bf4 a6 8. Ne5 Bd7 9. c5 O-O 10. Qf3 Nxe5 11. Bxe5 b6 12. Qg3 bxc5 13. dxc5 c6 14. e4 Bxc5 15. Bd3 Be7 16. O-O Kh8 17. Rad1 Rg8 18. Qh3 Nh7 19. Qxh6 Bf6 20. Qh5 Bxe5 21. exd5 g6 22. Qxe5+ Qf6 23. Qxf6+ Nxf6 24. dxc6 Bxc6 25. h3 Nd5 26. Ne2 Nb4 27. Bc4 Nd5 28. Nd4 Bb7 29. Rfe1 Rac8 30. Bb3 Kg7 31. Nf3 Nf4 32. Rd7 Bxf3 33. gxf3 Nxh3+ 34. Kg2 Nf4+ 35. Kf1 Rge8 36. Ra7 Rc6 37. Ba4 Rd6 38. Bxe8 1-0

[Event "1st FIDE OWCCCC Pools-East 2021"]
[Site "Online"]
[Date "2021.02.19"]
[Round "3.60"]
[White "Kulkarni, Agasti"]
[Black "Sen, Ufuk"]
[Result "1-0"]
[WhiteElo "1445"]
[BlackElo "1051"]
[Annotator "NA RC"]
[PlyCount "77"]
[EventDate "2021.02.19"]
[EventType "team-tourn"]
[EventCountry "NET"]
[SourceTitle "playchess.com"]
[Source "ChessBase"]
[SourceQuality "1"]

1. Nf3 c5 2. e3 d6 3. d4 Nf6 4. dxc5 Qa5+ 5. Nc3 Qxc5 6. Bb5+ Bd7 7. Bxd7+ Nbxd7 8. O-O e5 9. a3 Be7 10. e4 O-O 11. Be3 Qc8 12. Qd3 Ng4 13. Nd5 Bd8 14. Bg5 Nc5 15. Qe2 Bxg5 16. Nxg5 h6 17. Ne7+ Kh8 18. Nxc8 Raxc8 19. Qxg4 hxg5 20. b4 Na4 21. Rac1 Nc3 22. g3 d5 23. exd5 Nxd5 24. Qxg5 Rcd8 25. Rfd1 f6 26. Qh5+ Kg8 27. Qf3 e4 28. Qxe4 Nc3 29. Qc4+ Kh8 30. Rxd8 Rxd8 31. Qxc3 b6 32. Qc7 Rd2 33. Qxa7 Kh7 34. Qxb6 g6 35. Re1 Rxc2 36. Re7+ Kh6 37. Qxf6 Rc1+ 38. Kg2 Ra1 39. Qh4# 1-0

[Event "1st FIDE OWCCCC Pools-East 2021"]
[Site "Online"]
[Date "2021.02.19"]
[Round "3.60"]
[White "spike"]
[Black "Combina, Alberto"]
[Result "1-0"]
[WhiteElo "1182"]
[BlackElo "1635"]
[Annotator "NA RC"]
[PlyCount "61"]
[EventDate "2021.02.19"]
[EventType "team-tourn"]
[EventCountry "NET"]
[SourceTitle "playchess.com"]
[Source "ChessBase"]
[SourceQuality "1"]

1. e4 c5 2. Nf3 d6 3. d4 cxd4 4. Nxd4 a6 5. Bc4 Nd7 6. O-O g6 7. Nc3 Bg7 8. Bd2 Ngf6 9. Re1 O-O 10. Bg5 b5 11. Bb3 Bb7 12. a3 Re8 13. Qf3 Ne5 14. Qd1 h6 15. Bxf6 Bxf6 16. Nf3 Rc8 17. Nxe5 Bxe5 18. Re3 Bxc3 19. Rxc3 Rxc3 20. bxc3 Bxe4 21. Qd4 Bf5 22. Qd5 Be6 23. Qf3 Qc8 24. Bxe6 Qxe6 25. Qc6 d5 26. Qxe8+ Kg7 27. Qb8 Qf6 28. h3 Qxc3 29. Rc1 Qxa3 30. Qe5+ Kf8 31. Qh8# 1-0

[Event "1st FIDE OWCCCC Pools-East 2021"]
[Site "Online"]
[Date "2021.02.19"]
[Round "3.60"]
[White "Rathi, Meeta"]
[Black "Dharani Srinivas K B"]
[Result "0-1"]
[WhiteElo "490"]
[BlackElo "1842"]
[Annotator "NA RC"]
[PlyCount "76"]
[EventDate "2021.02.19"]
[EventType "team-tourn"]
[EventCountry "NET"]
[SourceTitle "playchess.com"]
[Source "ChessBase"]
[SourceQuality "1"]

1. f4 Nc6 2. Nf3 d5 3. g3 Nf6 4. c3 h6 5. Ne5 Nxe5 6. fxe5 Ng4 7. h3 Nxe5 8. Na3 b6 9. Bg2 Bb7 10. b3 e6 11. c4 Be7 12. Bb2 Bd6 13. g4 Qe7 14. Nb5 a6 15. Nd4 Bc5 16. Bc3 O-O-O 17. h4 Nxg4 18. Bf3 Ne5 19. d3 dxc4 20. bxc4 Bxd4 21. Bxd4 Rxd4 22. Qc2 Bxf3 23. Rh3 Bg4 24. Rh2 Qf6 25. Qc3 Rf4 26. d4 Rf1+ 27. Kd2 Qf4+ 28. Kc2 Rxa1 29. dxe5 Rc1+ 30. Kb2 Rxc3 31. Kxc3 Qxh2 32. Kb4 Rd8 33. a3 Bxe2 34. c5 Qf4+ 35. Kb3 Qc4+ 36. Kb2 Rd2+ 37. Kb1 Qc2+ 38. Ka1 Qb2# 0-1

[Event "1st FIDE OWCCCC Pools-East 2021"]
[Site "Online"]
[Date "2021.02.19"]
[Round "3.61"]
[White "Nihal Sarin"]
[Black "B K, Kumara keshav"]
[Result "1-0"]
[WhiteElo "2620"]
[BlackElo "1947"]
[Annotator "TA"]
[PlyCount "73"]
[EventDate "2021.02.19"]
[EventType "team-tourn"]
[EventCountry "NET"]
[SourceTitle "playchess.com"]
[Source "ChessBase"]
[SourceQuality "1"]

1. e4 e6 2. d4 d5 3. Nc3 Bb4 4. e5 Ne7 5. Bd2 Bxc3 6. Bxc3 b6 7. Qg4 O-O 8. Nf3 f6 9. exf6 Rxf6 10. Ne5 c5 11. Bd3 Nbc6 12. Qh4 Rh6 13. Nxc6 Nxc6 14. Qxd8+ Nxd8 15. dxc5 bxc5 16. O-O Nc6 17. Rfe1 Rb8 18. b3 Nb4 19. Be5 Nxd3 20. Bxb8 Nxe1 21. Rxe1 a6 22. Bd6 Kf7 23. Bxc5 Rh5 24. Bd4 g6 25. Re3 Rf5 26. Be5 h5 27. h4 Bd7 28. f4 Ke7 29. Rg3 Be8 30. Rc3 Bb5 31. a4 Be2 32. Kf2 Bd1 33. Ke1 Bg4 34. Rc7+ Kf8 35. Rc6 a5 36. Rc8+ Kf7 37. Ra8 1-0

[Event "1st FIDE OWCCCC Pools-East 2021"]
[Site "Online"]
[Date "2021.02.19"]
[Round "3.61"]
[White "Manish, Mehra"]
[Black "Nachiket, Paturkar"]
[Result "0-1"]
[WhiteElo "2140"]
[BlackElo "2050"]
[Annotator "TA"]
[PlyCount "114"]
[EventDate "2021.02.19"]
[EventType "team-tourn"]
[EventCountry "NET"]
[SourceTitle "playchess.com"]
[Source "ChessBase"]
[SourceQuality "1"]

1. e4 c5 2. Nf3 d6 3. d4 cxd4 4. Nxd4 Nf6 5. Nc3 g6 6. Be3 Bg7 7. f3 O-O 8. Bc4 Nc6 9. Qd2 Bd7 10. O-O-O Rc8 11. Bb3 Ne5 12. h4 a5 13. h5 a4 14. Bxa4 Nc4 15. Qd3 Bxa4 16. Nxa4 Nxe3 17. Qxe3 Qa5 18. Nc3 Nxh5 19. Nb3 Rxc3 20. bxc3 Qa3+ 21. Kd2 Rc8 22. Nd4 b5 23. Rxh5 gxh5 24. Rb1 Qxa2 25. Rxb5 Qa6 26. Rxh5 h6 27. g4 Qf1 28. Ne2 Qg2 29. e5 Bxe5 30. Rxe5 dxe5 31. Qxh6 Rd8+ 32. Ke3 Rd6 33. Qg5+ Rg6 34. Qf5 e4 35. fxe4 Qxg4 36. Qxg4 Rxg4 37. c4 e5 38. c5 Rg6 39. Kd3 Kf8 40. Nc3 Ke7 41. Kc4 Kd7 42. Nd5 Rg2 43. c3 Re2 44. Kb5 f5 45. exf5 e4 46. f6 Rb2+ 47. Kc4 Ke6 48. Kd4 Rd2+ 49. Kxe4 Rxd5 50. f7 Re5+ 51. Kd4 Rf5 52. c6 Rxf7 53. Kc5 Rc7 54. Kb6 Kd6 55. c4 Rxc6+ 56. Kb5 Rc5+ 57. Kb4 Kc6 0-1

[Event "1st FIDE OWCCCC Pools-East 2021"]
[Site "Online"]
[Date "2021.02.19"]
[Round "3.61"]
[White "abhigk"]
[Black "Amirov, Mikhail"]
[Result "1-0"]
[WhiteElo "1429"]
[BlackElo "1380"]
[Annotator "NA RC"]
[PlyCount "61"]
[EventDate "2021.02.19"]
[EventType "team-tourn"]
[EventCountry "NET"]
[SourceTitle "playchess.com"]
[Source "ChessBase"]
[SourceQuality "1"]

1. e4 e5 2. Nf3 Nc6 3. Bc4 Nf6 4. Ng5 d5 5. exd5 Nxd5 6. Nxf7 Kxf7 7. Qf3+ Qf6 8. Bxd5+ Be6 9. Bxc6 bxc6 10. Qxc6 Rc8 11. O-O Bd6 12. Nc3 Rhd8 13. Ne4 Qe7 14. d3 Rb8 15. Bg5 Qd7 16. Nxd6+ Qxd6 17. Qf3+ Ke8 18. Bxd8 Rxd8 19. Rfe1 Bd5 20. Qh5+ g6 21. Qxe5+ Qxe5 22. Rxe5+ Kf7 23. Rae1 Rd7 24. c4 Bb7 25. R1e3 Kf6 26. f4 Bc8 27. g4 Rf7 28. g5+ Kg7 29. Re7 Bf5 30. Rxf7+ Kxf7 31. Kf2 1-0

[Event "1st FIDE OWCCCC Pools-East 2021"]
[Site "Online"]
[Date "2021.02.19"]
[Round "3.61"]
[White "Savadiya, Apurwa"]
[Black "Agrawal, Aseem"]
[Result "1/2-1/2"]
[WhiteElo "1280"]
[BlackElo "1541"]
[Annotator "NA RC"]
[PlyCount "145"]
[EventDate "2021.02.19"]
[EventType "team-tourn"]
[EventCountry "NET"]
[SourceTitle "playchess.com"]
[Source "ChessBase"]
[SourceQuality "1"]

1. e4 c5 2. Nf3 d6 3. d4 cxd4 4. Qxd4 Nc6 5. Qd3 Nf6 6. Nc3 Bd7 7. Bg5 a6 8. O-O-O g6 9. Bxf6 exf6 10. Kb1 Rc8 11. g3 Be6 12. h4 Qa5 13. a3 Be7 14. Bh3 Ne5 15. Nxe5 fxe5 16. h5 g5 17. Bf5 b5 18. Nd5 Rc6 19. Bxe6 fxe6 20. Nb4 Rc5 21. Qb3 Rc4 22. Na2 O-O 23. Rh2 Rfc8 24. c3 Qb6 25. Qc2 a5 26. Rd3 Rxe4 27. Rf3 Re1+ 28. Nc1 b4 29. Ka2 b3+ 30. Nxb3 a4 31. Nd2 Re2 32. Qd3 Re1 33. Qc2 d5 34. Qxa4 Rb8 35. b4 Re2 36. Rd3 e4 37. Rd4 Bf6 38. Qd1 Bxd4 39. Qxe2 Bxc3 40. Nb3 Qc7 41. Rh1 Rf8 42. Rc1 Rf3 43. Nc5 e5 44. Ne6 Qf7 45. Nxg5 Rxf2 46. Nxf7 Rxe2+ 47. Kb3 Kxf7 48. Rxc3 d4 49. Rc7+ Ke6 50. Rxh7 d3 51. Rh8 e3 52. Rd8 d2 53. Kc2 Rh2 54. Kd1 e2+ 55. Kxd2 Ke7 56. Ke1 e4 57. Rd2 Ke6 58. Rxe2 Rh1+ 59. Kf2 Rxh5 60. Ke3 Ke5 61. a4 Rh3 62. Rg2 Rh1 63. b5 Ra1 64. b6 Rxa4 65. b7 Rb4 66. g4 Rxb7 67. g5 Rg7 68. g6 Kf6 69. Rg4 Rxg6 70. Rxe4 Rg3+ 71. Kf4 Rh3 72. Re3 Rxe3 73. Kxe3 1/2-1/2

[Event "1st FIDE OWCCCC Pools-East 2021"]
[Site "Online"]
[Date "2021.02.19"]
[Round "3.62"]
[White "Moskvin, Alexey S."]
[Black "puneetdhabria"]
[Result "1-0"]
[WhiteElo "2358"]
[BlackElo "1423"]
[Annotator "TA"]
[PlyCount "61"]
[EventDate "2021.02.19"]
[EventType "team-tourn"]
[EventCountry "NET"]
[SourceTitle "playchess.com"]
[Source "ChessBase"]
[SourceQuality "1"]

1. d4 d5 2. Bf4 Bf5 3. Nf3 h6 4. h3 e6 5. e3 c5 6. c3 cxd4 7. cxd4 Qa5+ 8. Nc3 Bb4 9. Qd2 Nf6 10. a3 Bxc3 11. bxc3 Ne4 12. Qc1 Nxc3 13. Qd2 Nc6 14. Rc1 Ne4 15. Qxa5 Nxa5 16. Bb5+ Ke7 17. Rc7+ Kf6 18. Be5+ Kg6 19. g4 a6 20. gxf5+ exf5 21. Bd7 f6 22. Rg1+ Kh7 23. Bxf5+ Kg8 24. Rgxg7+ Kf8 25. Rcf7+ Ke8 26. Bc7 Rd8 27. Bxa5 Rd6 28. Rc7 Rc6 29. Rce7+ Kf8 30. Ref7+ Ke8 31. Bd7# 1-0

[Event "1st FIDE OWCCCC Pools-East 2021"]
[Site "Online"]
[Date "2021.02.19"]
[Round "3.62"]
[White "Bhavsar, Dipen K"]
[Black "Shashi Nand Kumar"]
[Result "1-0"]
[WhiteElo "1548"]
[BlackElo "1571"]
[Annotator "NA RC"]
[PlyCount "53"]
[EventDate "2021.02.19"]
[EventType "team-tourn"]
[EventCountry "NET"]
[SourceTitle "playchess.com"]
[Source "ChessBase"]
[SourceQuality "1"]

1. e4 e5 2. f4 Nc6 3. Nf3 exf4 4. Bc4 h6 5. O-O d6 6. d4 Bg4 7. Bxf4 Nge7 8. Bg3 Qd7 9. Bxf7+ Kd8 10. c3 Be6 11. Bxe6 Qxe6 12. d5 Qxe4 13. dxc6 Qxc6 14. Nbd2 Nf5 15. Nb3 Qb6+ 16. Bf2 Qa6 17. Qd5 Ne7 18. Qe6 Qd3 19. Nc5 Qb5 20. Nb3 Qf5 21. Qe2 Nd5 22. Nfd4 Qe5 23. Qc2 Kd7 24. Rae1 Qh5 25. Qd3 Be7 26. Qb5+ Kc8 27. Rxe7 1-0

[Event "1st FIDE OWCCCC Pools-East 2021"]
[Site "Online"]
[Date "2021.02.19"]
[Round "3.62"]
[White "Ferencz, Renata"]
[Black "Lagoo, Raavi"]
[Result "1-0"]
[WhiteElo "1092"]
[BlackElo "379"]
[Annotator "NA RC"]
[PlyCount "89"]
[EventDate "2021.02.19"]
[EventType "team-tourn"]
[EventCountry "NET"]
[SourceTitle "playchess.com"]
[Source "ChessBase"]
[SourceQuality "1"]

1. e4 b6 2. d4 g6 3. Nf3 Bb7 4. Bd3 Bc6 5. Nc3 Ba4 6. Nxa4 Na6 7. Nc3 Nb4 8. a3 Nc6 9. O-O a5 10. h3 Nf6 11. Qe2 Nxd4 12. Nxd4 Ra6 13. Nf3 Bh6 14. Bxh6 b5 15. Nxb5 Re6 16. Nc3 Re5 17. a4 Rh5 18. Bf4 Ng4 19. hxg4 e6 20. gxh5 gxh5 21. b3 Rg8 22. Bg5 Rxg5 23. Nxg5 f6 24. Nf3 Kf7 25. Nb5 c6 26. Nd6+ Ke7 27. Nh4 Kxd6 28. Qxh5 f5 29. exf5 exf5 30. Nxf5+ Kd5 31. Qf3+ Ke6 32. Rfe1+ Kf6 33. Nh6+ Kg5 34. Re5+ Kh4 35. Kf1 d5 36. Rae1 c5 37. Rxd5 Qa8 38. Rxc5 Qxf3 39. gxf3 Kh3 40. Rg5 Kh2 41. Bf5 Kh1 42. c4 Kh2 43. c5 Kh1 44. Ng4 h5 45. Rxh5# 1-0

[Event "1st FIDE OWCCCC Pools-East 2021"]
[Site "Online"]
[Date "2021.02.19"]
[Round "3.62"]
[White "Lakra, Sumita"]
[Black "Avinash Kumar"]
[Result "0-1"]
[WhiteElo "675"]
[BlackElo "1291"]
[Annotator "NA RC"]
[PlyCount "60"]
[EventDate "2021.02.19"]
[EventType "team-tourn"]
[EventCountry "NET"]
[SourceTitle "playchess.com"]
[Source "ChessBase"]
[SourceQuality "1"]

1. e4 d5 2. Nc3 dxe4 3. Nxe4 Qd5 4. d3 Qe5 5. Nf3 Qa5+ 6. Bd2 Qb6 7. b3 g6 8. Nfg5 Bg7 9. Bc3 Nf6 10. Qf3 h6 11. Nxf6+ Bxf6 12. Bxf6 exf6 13. Qe4+ Be6 14. Nf3 O-O 15. O-O-O Re8 16. Qh4 Kg7 17. g4 Qa5 18. a4 Qb4 19. Bh3 Qa3+ 20. Kd2 g5 21. Qg3 Na6 22. Nd4 Qb4+ 23. c3 Qa3 24. Ra1 Qb2+ 25. Nc2 Bxb3 26. Rac1 Nc5 27. Qxc7 Rac8 28. Qxb7 Nxb7 29. Rhe1 Qxc3+ 30. Kd1 Rxe1# 0-1

[Event "1st FIDE OWCCCC Pools-East 2021"]
[Site "Online"]
[Date "2021.02.19"]
[Round "3.62"]
[White "Vigner, Adrien"]
[Black "Agarwal, Kunal"]
[Result "0-1"]
[WhiteElo "540"]
[BlackElo "1294"]
[Annotator "NA RC"]
[PlyCount "64"]
[EventDate "2021.02.19"]
[EventType "team-tourn"]
[EventCountry "NET"]
[SourceTitle "playchess.com"]
[Source "ChessBase"]
[SourceQuality "1"]

1. e4 e5 2. c3 Nc6 3. d4 exd4 4. cxd4 Nf6 5. Qe2 Bb4+ 6. Nc3 Nxd4 7. Qd1 O-O 8. Nf3 Nxf3+ 9. gxf3 d6 10. Bd3 h6 11. Bd2 Re8 12. Qb3 Bc5 13. Bc4 Be6 14. O-O-O Bxf2 15. Rhf1 Bh4 16. Qxb7 Bxc4 17. Rg1 Bg5 18. Be3 Bxe3+ 19. Kb1 Bxg1 20. Rxg1 Bd3+ 21. Kc1 a5 22. Nd5 Nxd5 23. exd5 Qb8 24. Qc6 Qb6 25. Qc3 Qxg1+ 26. Kd2 Qe3+ 27. Kd1 Qe2+ 28. Kc1 Qf1+ 29. Kd2 Bg6 30. Qxc7 Re2+ 31. Kc3 Qxf3+ 32. Kc4 Qd3# 0-1

[Event "1st FIDE OWCCCC Pools-East 2021"]
[Site "Online"]
[Date "2021.02.19"]
[Round "3.63"]
[White "Smith, Allen S"]
[Black "Riabokon, Evgeniia"]
[Result "1-0"]
[WhiteElo "1972"]
[BlackElo "327"]
[Annotator "TA"]
[PlyCount "65"]
[EventDate "2021.02.19"]
[EventType "team-tourn"]
[EventCountry "NET"]
[SourceTitle "playchess.com"]
[Source "ChessBase"]
[SourceQuality "1"]

1. e4 e5 2. Nf3 d6 3. Nc3 Nc6 4. Bc4 Be6 5. d3 Bxc4 6. dxc4 Nh6 7. O-O Be7 8. Bxh6 gxh6 9. Re1 Bg5 10. Nd5 Na5 11. b3 c6 12. Nc3 Qd7 13. a4 O-O-O 14. Ne2 Qg4 15. Nxg5 hxg5 16. Qd2 Qxe4 17. Qxa5 Qxc2 18. Rab1 Qe4 19. Qxa7 d5 20. Qa8+ Kc7 21. Qa5+ Kc8 22. c5 Qf4 23. Nxf4 gxf4 24. Rxe5 Rhe8 25. Rxe8 Rxe8 26. Qa8+ Kd7 27. Qxb7+ Kd8 28. Qxc6 Ke7 29. Re1+ Kf8 30. Qxe8+ Kg7 31. Re7 d4 32. Qxf7+ Kh8 33. Re8# 1-0

[Event "1st FIDE OWCCCC Pools-East 2021"]
[Site "Online"]
[Date "2021.02.19"]
[Round "3.63"]
[White "Babu, Rajesh"]
[Black "Dixit, Vanishree"]
[Result "0-1"]
[WhiteElo "1154"]
[BlackElo "1322"]
[Annotator "NA RC"]
[PlyCount "214"]
[EventDate "2021.02.19"]
[EventType "team-tourn"]
[EventCountry "NET"]
[SourceTitle "playchess.com"]
[Source "ChessBase"]
[SourceQuality "1"]

1. e4 e5 2. Bc4 Nf6 3. d3 h6 4. Nf3 Nc6 5. O-O a6 6. h3 Bc5 7. a3 d6 8. Nc3 Be6 9. Bxe6 fxe6 10. Nh2 O-O 11. Bd2 d5 12. Kh1 Nd4 13. Kg1 Qe8 14. Be3 Nh5 15. Rc1 Qg6 16. Qg4 Qxg4 17. Nxg4 Nf4 18. Nxe5 Nfe2+ 19. Nxe2 Nxe2+ 20. Kh1 Bxe3 21. fxe3 Nxc1 22. Rxc1 Rf2 23. exd5 exd5 24. Nf3 Rf8 25. Kg1 Re2 26. Kf1 Rxe3 27. Kf2 Re7 28. Kg1 h5 29. Kf2 h4 30. Kg1 Re6 31. Nxh4 d4 32. Nf3 c5 33. b3 Rff6 34. a4 Rg6 35. Rf1 Re2 36. Rf2 Ree6 37. Kh2 b6 38. Kg1 Rh6 39. Kh2 Ref6 40. Kg1 a5 41. Kh2 Rh5 42. Kg1 g5 43. Kf1 g4 44. hxg4 Rh1+ 45. Ke2 Re6+ 46. Kd2 Re8 47. g5 Rh7 48. Kd1 Rb8 49. Kd2 b5 50. axb5 Rxb5 51. Re2 Rb8 52. Re5 Rc8 53. Ke2 Kf8 54. Rf5+ Rf7 55. Re5 Re8 56. Rxe8+ Kxe8 57. Kf2 Rg7 58. Kg3 Kf7 59. Kf4 Kg6 60. Ke5 Re7+ 61. Kd5 Re2 62. Kxc5 Rxc2+ 63. Kxd4 Rxg2 64. Ke3 Rb2 65. Nd4 Kxg5 66. Ke4 Rb1 67. Kd5 Kf4 68. Kc4 Ke3 69. Nf5+ Kd2 70. Nd4 Ke3 71. Nf5+ Kd2 72. Nd4 Rc1+ 73. Kb5 Kxd3 74. Kxa5 Kxd4 75. b4 Ra1+ 76. Kb6 Kc4 77. b5 Rb1 78. Kc7 Rxb5 79. Kd7 Kd5 80. Ke7 Ke5 81. Kd7 Rb6 82. Kc7 Rh6 83. Kd7 Kd5 84. Ke7 Kc6 85. Kf7 Kd6 86. Kg7 Re6 87. Kf7 Ke5 88. Kg7 Kf5 89. Kf7 Ra6 90. Ke7 Rc6 91. Kd7 Rh6 92. Ke7 Ke5 93. Kf7 Kf5 94. Kg7 Rf6 95. Kh7 Kg5 96. Kg7 Rf5 97. Kh7 Kh5 98. Kg7 Ra5 99. Kf7 Ra6 100. Ke7 Kh6 101. Kd7 Kg6 102. Kc7 Kf6 103. Kb7 Re6 104. Kc7 Ke7 105. Kb7 Kd7 106. Ka7 Kc7 107. Ka8 Ra6# 0-1

[Event "1st FIDE OWCCCC Pools-East 2021"]
[Site "Online"]
[Date "2021.02.19"]
[Round "3.63"]
[White "avinash_upp"]
[Black "Shrimal, Khushbu"]
[Result "1-0"]
[WhiteElo "664"]
[BlackElo "149"]
[Annotator "NA RC"]
[PlyCount "55"]
[EventDate "2021.02.19"]
[EventType "team-tourn"]
[EventCountry "NET"]
[SourceTitle "playchess.com"]
[Source "ChessBase"]
[SourceQuality "1"]

1. e4 Nc6 2. Nf3 d6 3. Bb5 Qd7 4. d4 a6 5. Ba4 a5 6. d5 Ra6 7. dxc6 bxc6 8. Qd3 c5 9. Bxd7+ Kxd7 10. Be3 Rb6 11. b3 Rb4 12. c3 Rxb3 13. axb3 Bb7 14. Rxa5 g5 15. Bxg5 Nf6 16. Bxf6 exf6 17. Qc4 d5 18. exd5 Rg8 19. O-O Rg5 20. Nxg5 fxg5 21. Qg4+ Kd8 22. Qxg5+ Kd7 23. c4 f5 24. Qxf5+ Ke7 25. Qe6+ Kd8 26. Ra7 Bc6 27. dxc6 h5 28. Qd7# 1-0

[Event "1st FIDE OWCCCC Pools-East 2021"]
[Site "Online"]
[Date "2021.02.19"]
[Round "3.63"]
[White "Auti, Sonu"]
[Black "Salem, A.R. Saleh"]
[Result "0-1"]
[WhiteElo "509"]
[BlackElo "2682"]
[Annotator "TA"]
[PlyCount "126"]
[EventDate "2021.02.19"]
[EventType "team-tourn"]
[EventCountry "NET"]
[SourceTitle "playchess.com"]
[Source "ChessBase"]
[SourceQuality "1"]

1. e3 e5 2. Nf3 Nc6 3. a3 Nf6 4. h3 Bc5 5. Ng5 h6 6. Nf3 d6 7. c3 Be6 8. d4 exd4 9. cxd4 Bb6 10. d5 Bxd5 11. e4 Nxe4 12. Qxd5 Nxf2 13. Rh2 O-O 14. Nc3 Re8+ 15. Ne2 Qd7 16. Bf4 Ne7 17. Qxb7 Nf5 18. g4 Nd3+ 19. Kd1 Nf2+ 20. Rxf2 Bxf2 21. Qb3 Rab8 22. Qd5 Ne7 23. Qd2 Qa4+ 24. Kc1 Qc4+ 25. Nc3 Bc5 26. Bxc4 Ng6 27. Nb5 Re7 28. Qd3 Nxf4 29. Qd1 Be3+ 30. Kc2 Re4 31. Nxc7 Rxc4+ 32. Kb1 Rxc7 33. Qxd6 Rc1+ 34. Ka2 Rxa1+ 35. Kxa1 Nxh3 36. Qxb8+ Kh7 37. Qb3 Bf4 38. Qd3+ g6 39. Ne1 Nf2 40. Qe2 Nh3 41. b4 Bg5 42. b5 Bf6+ 43. Kb1 Nf4 44. Qe3 Bg5 45. Qe8 Kg7 46. Qd8 Bxd8 47. a4 h5 48. Nd3 Nd5 49. Nf2 hxg4 50. Nxg4 g5 51. Ne5 Kf6 52. Nc6 Bb6 53. Nb8 g4 54. Kc1 Kf5 55. Kd1 Ne3+ 56. Ke2 Kf4 57. Kd2 g3 58. Nc6 g2 59. Nxa7 g1=Q 60. a5 Bxa5+ 61. Kd3 Qg2 62. Kd4 Qd2+ 63. Kc5 Ke4 0-1

[Event "1st FIDE OWCCCC Pools-East 2021"]
[Site "Online"]
[Date "2021.02.19"]
[Round "3.64"]
[White "Reimanis, Ritvars"]
[Black "Dixit, Rajesh"]
[Result "1-0"]
[WhiteElo "2412"]
[BlackElo "1111"]
[Annotator "TA"]
[PlyCount "75"]
[EventDate "2021.02.19"]
[EventType "team-tourn"]
[EventCountry "NET"]
[SourceTitle "playchess.com"]
[Source "ChessBase"]
[SourceQuality "1"]

1. d4 d5 2. c4 e6 3. Nf3 dxc4 4. e3 b5 5. a4 c6 6. b3 a6 7. axb5 cxb5 8. bxc4 b4 9. c5 Nc6 10. Be2 a5 11. O-O h6 12. Bb5 Bd7 13. Qa4 Nf6 14. Bxc6 Bxc6 15. Qxc6+ Nd7 16. Ne5 Ra7 17. Nd2 f6 18. Qxe6+ Be7 19. Nc6 Nf8 20. Nxd8 Nxe6 21. Nxe6 Bd8 22. d5 Be7 23. Nc4 Bxc5 24. Nxc5 O-O 25. Rxa5 Rc7 26. d6 Rcc8 27. d7 Rcd8 28. Nb6 f5 29. Ne6 Rb8 30. Nxf8 Rxf8 31. Ra8 Rxa8 32. Nxa8 Kh7 33. d8=Q h5 34. Bb2 g6 35. Qe7+ Kh6 36. Bf6 h4 37. f3 Kh5 38. Qh7# 1-0

[Event "1st FIDE OWCCCC Pools-East 2021"]
[Site "Online"]
[Date "2021.02.19"]
[Round "3.64"]
[White "Domokos, Istvan"]
[Black "touchmove"]
[Result "1-0"]
[WhiteElo "1385"]
[BlackElo "522"]
[Annotator "NA RC"]
[PlyCount "85"]
[EventDate "2021.02.19"]
[EventType "team-tourn"]
[EventCountry "NET"]
[SourceTitle "playchess.com"]
[Source "ChessBase"]
[SourceQuality "1"]

1. b4 b5 2. Bb2 Bb7 3. e3 Nc6 4. Bxb5 a6 5. Be2 e5 6. a3 Qh4 7. Nf3 Qe4 8. d3 Qg6 9. Bxe5 f6 10. Bxc7 Qxg2 11. Rg1 Qh3 12. Nc3 Rc8 13. Bf4 Nh6 14. Rg3 Qe6 15. Rb1 Nf5 16. Rg1 Na7 17. e4 Nd6 18. Nd5 Rc3 19. Nxc3 g5 20. Nd4 Qf7 21. Bxd6 Bxd6 22. Nf5 Be5 23. h3 Bxc3+ 24. Kf1 Nb5 25. a4 Na3 26. Nd6+ Ke7 27. Nxf7 Kxf7 28. Rb3 Bd4 29. Rxa3 Rc8 30. Bh5+ Ke6 31. Qg4+ f5 32. Qxf5+ Kd6 33. Rxg5 Rxc2 34. Qd5+ Kc7 35. Qxd4 Rc1+ 36. Ke2 Rc2+ 37. Kf3 h6 38. Rc5+ Bc6 39. Rxc2 Kb7 40. b5 Bxb5 41. axb5 axb5 42. Qxd7+ Kb6 43. Rc6# 1-0

[Event "1st FIDE OWCCCC Pools-East 2021"]
[Site "Online"]
[Date "2021.02.19"]
[Round "3.64"]
[White "tkl3chk"]
[Black "Sawant, Priya"]
[Result "1-0"]
[WhiteElo "837"]
[BlackElo "626"]
[Annotator "NA RC"]
[PlyCount "51"]
[EventDate "2021.02.19"]
[EventType "team-tourn"]
[EventCountry "NET"]
[SourceTitle "playchess.com"]
[Source "ChessBase"]
[SourceQuality "1"]

1. e3 e5 2. Qf3 d5 3. b3 e4 4. Qg3 Nf6 5. Ba3 Bxa3 6. Qxg7 Ke7 7. Nxa3 Qg8 8. Qh6 Nc6 9. Qf4 Nb4 10. Qxc7+ Ke6 11. Nb5 Nxc2+ 12. Kd1 Nxa1 13. Qd6+ Kf5 14. Nd4+ Kg6 15. Nh3 Bxh3 16. gxh3 Kg7 17. Rg1+ Kh6 18. Rxg8 Rhxg8 19. Qxf6+ Kh5 20. Qxf7+ Kh4 21. Nf5+ Kg5 22. Ne7 Rgf8 23. Qxh7 Rxf2 24. Qg7+ Kh5 25. Qg4+ Kh6 26. Qg6# 1-0

[Event "1st FIDE OWCCCC Pools-East 2021"]
[Site "Online"]
[Date "2021.02.19"]
[Round "3.64"]
[White "Loizeau, Nicolas"]
[Black "Juikar, Bhakti"]
[Result "0-1"]
[WhiteElo "803"]
[BlackElo "1798"]
[Annotator "NA RC"]
[PlyCount "50"]
[EventDate "2021.02.19"]
[EventType "team-tourn"]
[EventCountry "NET"]
[SourceTitle "playchess.com"]
[Source "ChessBase"]
[SourceQuality "1"]

1. e4 c5 2. d3 d6 3. b3 Nf6 4. Bb2 e6 5. Nf3 Nc6 6. Ng5 h6 7. Nf3 Be7 8. c4 O-O 9. Na3 a6 10. g3 d5 11. cxd5 exd5 12. exd5 Nxd5 13. Nh4 Bxh4 14. gxh4 Re8+ 15. Be2 Qxh4 16. Rf1 Bg4 17. Rg1 Nd4 18. Rxg4 Qxg4 19. Kf1 Qh3+ 20. Ke1 Rxe2+ 21. Qxe2 Nxe2 22. Kxe2 Re8+ 23. Kd2 Nf4 24. Rg1 Qxd3+ 25. Kc1 Ne2# 0-1

[Event "1st FIDE OWCCCC Pools-East 2021"]
[Site "Online"]
[Date "2021.02.19"]
[Round "3.65"]
[White "Garcia Paolicchi, Raul"]
[Black "Hoholis, George"]
[Result "0-1"]
[WhiteElo "2094"]
[BlackElo "1263"]
[Annotator "TA"]
[PlyCount "54"]
[EventDate "2021.02.19"]
[EventType "team-tourn"]
[EventCountry "NET"]
[SourceTitle "playchess.com"]
[Source "ChessBase"]
[SourceQuality "1"]

1. d4 Nf6 2. c4 e6 3. Nf3 b6 4. a3 Bb7 5. Bg5 Be7 6. e3 h6 7. Bh4 O-O 8. Bd3 c5 9. dxc5 Bxc5 10. Nc3 d5 11. cxd5 exd5 12. Bc2 Qe7 13. b4 Bd6 14. Nd4 Nbd7 15. O-O Rac8 16. Qd2 a6 17. Rac1 Ne5 18. Nf5 Qe6 19. Bxf6 Qxf6 20. Nxd5 Bxd5 21. Qxd5 Bb8 22. Qb7 Ng4 23. Ne7+ Kh8 24. Nxc8 Bxh2+ 25. Kh1 Qh4 26. Qf3 Bg3+ 27. Kg1 Qh2# 0-1